=Alucinado som de tuba (Record no. 14105)

MARC details
000 -LÍDER
campo de controle de tamanho fixo 00343 a2200157 4500
001 - NÚMERO DE CONTROLE
campo de controle 14105
020 ## - ISBN - INTERNATIONAL STANDARD BOOK NUMBER
ISBN - International Standard Book Number 9788508105373
040 ## - FONTE DA CATALOGAÇÃO
Instituição que transcreveu o registro Anchieta - Aquarius
100 ## - ENTRADA PRINCIPAL--NOME PESSOAL
Nome pessoal Betto
240 10 - TÍTULO UNIFORME
Título uniforme =Alucinado som de tuba
Idioma da obra por
245 10 - TÍTULO
Título =Alucinado som de tuba
300 ## - DESCRIÇÃO FÍSICA
Extensão 117p
362 0# - DATAS DE PUBLICAÇÃO E/OU DESIGNAÇÃO SEQUENCIAL
Datas de publicação e/ou designação sequencial 2006
650 #4 - ASSUNTO--TERMO TÓPICO
Cabeçalho tópico ou nome geográfico Literatura brasileira
942 ## - ELEMENTOS DE ENTRADA ADICIONADOS (KOHA)
Tipo de material Koha Livros
Holdings
Situação do descarte Situação das perdas Situação física Não pode ser emprestado Biblioteca de origem Biblioteca atual Data de aquisição Total de empréstimos Código de barras Data de último acesso Data do preço efetivo Tipo de material Koha Número de chamada completo
        Colégio Anchieta - Aquarius Colégio Anchieta - Aquarius 21/11/2023   5821/AQU 21/11/2023 21/11/2023 Livros  
        Colégio Anchieta - Pituba Colégio Anchieta - Pituba 21/11/2023   5917/PIT 21/11/2023 21/11/2023 Livros LJ 028.5 B565a BET ALU
        Colégio Anchieta - Pituba Colégio Anchieta - Pituba 21/11/2023   5918/PIT 21/11/2023 21/11/2023 Livros LJ 028.5 B565a BET ALU
        Colégio Anchieta - Pituba Colégio Anchieta - Pituba 21/11/2023   5919/PIT 21/11/2023 21/11/2023 Livros LJ 028.5 B565a BET ALU
        Colégio Anchieta - Pituba Colégio Anchieta - Pituba 21/11/2023   17335/PIT 21/11/2023 21/11/2023 Livros LJ 028.5 B565a BET ALU
        Colégio Anchieta - Pituba Colégio Anchieta - Pituba 21/11/2023   17396/PIT 21/11/2023 21/11/2023 Livros LJ 028.5 B565a BET ALU
        Colégio São Paulo Colégio São Paulo 22/11/2023   2133/CSP 22/11/2023 22/11/2023 Livros LJ 028.5 B565a
        Colégio São Paulo Colégio São Paulo 22/11/2023   5780/CSP 22/11/2023 22/11/2023 Livros  
        Colégio São Paulo Colégio São Paulo 22/11/2023   7590/CSP 22/11/2023 22/11/2023 Livros LJ 028.5 B565a
        Colégio São Paulo Colégio São Paulo 22/11/2023   8595/CSP 22/11/2023 22/11/2023 Livros LJ 028.5 B565a